静岡県の戦前市制・町制 - Statistics

General Stats
  • This quiz has been taken 119 times
  • The average score is 43 of 68
Answer Stats
施行日 施行内容 所属郡 回答 % Correct
1889.04.01 市制 (市) 静岡市
100%
1911.07.01 市制 (市) 浜松市
100%
1889.04.01 町制 有渡郡 清水町
96%
1889.04.01 町制 賀茂郡 下田町
94%
1924.02.11 市制 (市) 清水市
94%
1889.04.01 町制 佐野郡 掛川町
92%
1889.04.01 町制 富士郡 吉原町
90%
1923.07.01 市制 (市) 沼津市
90%
1889.04.01 町制 駿東郡 沼津町
88%
1889.04.01 町制 庵原郡 蒲原町
88%
1889.04.01 町制 志太郡 島田町
88%
1901.06.28 町制 志太郡 焼津町
88%
1941.04.29 市制 (市) 三島市
88%
1889.04.01 町制 庵原郡 由比町
86%
1889.04.01 町制 志太郡 藤枝町
86%
1891.06.11 町制 賀茂郡 熱海町
86%
1937.04.10 市制 (市) 熱海市
86%
1889.04.01 町制 君沢郡 三島町
84%
1942.06.01 市制 (市) 富士宮市
84%
1889.04.01 町制 敷知郡 浜松町
80%
1929.08.01 町制 富士郡 富士町
80%
1889.04.01 町制 榛原郡 金谷町
78%
1906.01.01 町制 田方郡 伊東町
78%
1889.04.01 町制 周智郡 森町
76%
1889.04.01 町制 豊田郡 二俣町
73%
1924.08.31 町制 田方郡 修善寺町
73%
1901.03.15 町制 賀茂郡 松崎町
71%
1922.05.01 町制 引佐郡 三ヶ日町
71%
1889.04.01 町制 駿東郡 原町
69%
1929.04.01 町制 浜名郡 鷲津町
69%
1889.04.01 町制 志太郡 岡部町
67%
1889.04.01 町制 敷知郡 舞阪町
67%
1912.08.01 町制 駿東郡 小山町
67%
1940.12.10 町制 田方郡 大仁町
67%
1925.05.10 町制 周智郡 水窪町
65%
1889.04.01 町制 庵原郡 興津町
63%
1889.04.01 町制 敷知郡 新居町
63%
1889.04.01 町制 磐田郡 見付町
61%
1938.04.01 町制 田方郡 土肥町
61%
1889.04.01 町制 榛原郡 相良町
59%
1934.11.03 町制 田方郡 伊豆長岡町
59%
1901.01.25 町制 庵原郡 富士川町
57%
1925.02.11 町制 浜名郡 雄踏町
57%
1920.12.01 町制 賀茂郡 稲取町
55%
1889.04.01 町制 駿東郡 御厨町
53%
1889.04.01 町制 富士郡 大宮町
53%
1914.05.01 町制 小笠郡 横須賀町
53%
1889.04.01 町制 引佐郡 金指町
51%
1933.01.01 町制 富士郡 鷹岡町
51%
1926.10.31 町制 磐田郡 福田町
49%
1924.05.27 町制 田方郡 網代町
47%
1889.04.01 町制 榛原郡 川崎町
43%
1889.04.01 町制 浜名郡 白須賀町
43%
1889.04.01 町制 引佐郡 気賀町
43%
1940.11.01 町制 小笠郡 池新田町
43%
1889.04.01 町制 豊田郡 中泉町
41%
1898.03.13 町制 周智郡 山梨町
41%
1889.04.01 町制 庵原郡 江尻町
37%
1936.11.03 町制 磐田郡 浦川町
35%
1918.08.01 町制 庵原郡 辻町
33%
1928.11.15 町制 周智郡 犬居町
33%
1889.04.01 町制 山名郡 山名町
29%
1896.06.29 町制 磐田郡 掛塚町
29%
1934.02.11 町制 浜名郡 曳馬町
29%
1889.04.01 町制 有渡郡 入江町
24%
1891.09.17 町制 長上郡 笠井町
24%
1922.01.01 町制 志太郡 青島町
22%
1923.01.01 町制 小笠郡 堀之内町
22%
No matching quizzes found
Score Distribution
Percent of People with Each Score
Percentile by Number Answered
Your Score History
You have not taken this quiz